000 00695nam a2200265Ia 4500
005 20260121165726.0
008 008 260114s9999 xx 000 0 eng d
020 _a9783319262185
037 _aEBOOK
040 _aCRL
040 _beng
040 _cCRL
041 _2eng
041 _aeng
084 _qCRL
100 _aJay D. Gatrell, Ryan R. Jensen, Mark W. Patterson, Nancy Hoalst-Pullen
_91055270
245 0 _aUrban Sustainability: Policy and Praxis
260 _bSpringer
260 _bSpringer
260 _c2016
856 _uhttps://link.springer.com/openurl?genre=book&isbn=978-3-319-26218-5
942 _cEBOOK
999 _c1620998
_d1620998